2016 Grand Slam of Darts Participants - Statistics

General Stats
  • This quiz has been taken 115 times
  • The average score is 19 of 32
Answer Stats
Nation Answer % Correct
Scotland Gary Anderson
99%
Netherlands Michael Van Gerwen
96%
Scotland Peter Wright
93%
Australia Simon Whitlock
90%
England Adrian Lewis
89%
Austria Mensur Suljovic
88%
England James Wade
87%
Canada Jeff Smith
87%
England Phil Taylor
87%
Netherlands Raymond Van Barneveld
87%
Northern Ireland Brendan Dolan
82%
Wales Gerwyn Price
80%
Germany Max Hopp
80%
England Dave Chisnall
77%
Scotland Robert Thornton
75%
Belgium Dimitri Van Den Bergh
65%
England Darren Webster
55%
Netherlands Danny Noppert
49%
England Glen Durrant
49%
England Scott Waites
49%
England Ian White
48%
Netherlands Benito Van De Pas
46%
England Martin Adams
46%
England Nathan Aspinall
42%
England Chris Dobey
35%
England Scott Mitchell
35%
England Alan Norris
33%
England Jamie Hughes
24%
England Darryl Fitton
23%
England James Wilson
23%
England Nathan Derry
13%
England Ted Evetts
12%
No matching quizzes found
Score Distribution
Percent of People with Each Score
Percentile by Number Answered
Your Score History
You have not taken this quiz